Stochastic parameter regression models

Saved in:
Bibliographic Details
Main Author: Newbold, Paul
Other Authors: Bos, Theodore
Format: Book
Language:English
Published: Newbury Park : Sage Publications, c1985
Series:Sage university papers series. Quantitative applications in the social sciences ; ; 51
Subjects:
Tags: Add Tag
No Tags, Be the first to tag this record!

MARC

LEADER 00000nam a2200000 i 4500
001 1/18800
008 981022s1985 eng d
020 |a 0-8039-2425-9 
035 |l 10021039 
040 |a GR-MY-UA  |b gre  |e aacr 
041 0 |a eng 
082 0 |a 519.536 
100 1 |a Newbold, Paul. 
245 1 0 |a Stochastic parameter regression models /  |c Paul Newbold, Theodore Bos 
260 |a Newbury Park :   |b Sage Publications,   |c c1985 
300 |a 80 p.;  |c 20cm. 
490 1 |a Sage university papers series. Quantitative applications in the social sciences  |v ; 51 
504 |a Includes bibliographical references 
650 0 0 |a Stochastic analysis. 
650 0 0 |a Regression analysis. 
700 1 |a Bos, Theodore. 
830 0 |a Sage university papers series. Quantitative applications in the social sciences ;  |v ; 51 
852 |a INST  |b LESVOS  |e 19981022  |h 519.536 NEW  |p 005100018452  |q 005100018452  |t BK  |y 0 
852 |a INST  |b SAMOS  |e 20010110  |h 519.536 NEW  |p 005300022399  |q 005300022399  |t BK  |y 0 
901 |a BIBL3-2001-1 
901 |a BIBL1-1999-1 
909 |a Σ  |b 083998 
909 |a Λ  |b 059471 
922 |a 3ΕΛΗ  |b 200011  |c ΤΣΑΕ/ΚΒ  |d ΜΙΧΑΛΟΠΟΥΛΟΣ 
922 |a 1ΕΛΗ  |b 199809  |c ΚΠΣ/ΤΓ  |d ΠΑΠΑΣΩΤΗΡΙΟΥ 
950 |a 118-1998-07-23 
950 |a 184-2000-09-12 
970 |a ΠΟΥΡΝΑΡΑΣ  |b ΔΗΜΗΤΡΗΣ  |z 2001/01/22